| 000 | 01222 a2200217 4500 | ||
|---|---|---|---|
| 001 | 39946 | ||
| 005 | 20260407155656.0 | ||
| 008 | 260407a1968 arg spa d | ||
| 003 | AR-UNSa-BCEJYS | ||
| 040 |
_aAR-UNSa-BCEJYS _bspa _cAR-UNSa-BCEJYS |
||
| 080 |
_a94:33 _xHistoria económica |
||
| 245 | 1 | 0 | _aHistoria de los hechos económicos contemporaneos |
| 264 | 1 |
_aBarcelona : _bEdiciones Ariel _c1968 |
|
| 300 |
_a464 p. _c23 cm. |
||
| 505 | _aPrimera Parte: Nacimiento y desarrollo del sistema capitalista. De la revolución industrial a la segunda guerra mundial: 1. La revolución industrial - 2. Las fluctuaciones de la actividad económica en el desarrollo capitalista - 3. La evolución del sistema monetario internacional: de la supremacia de la libra al fracaso del "gold exchange standard" -- Segunda Parte: Reconstrucción y desarrollo de los países capitalistas desde la segunda guerra mundial: 1. Crecimiento y desarrollo - 2. La reconstrucción del sistema monetario internacional -- Tercera Parte: El nacimiento y el desarrollo del sistema colectivista | ||
| 041 | _aspa | ||
| 942 | _cBK | ||
| 590 | _aniveau_biblio:m niveau_hierar:0 | ||
| 100 | 1 | _aNiveau, Maurice | |
| 700 | 1 | _aBosch Domenech, Antonio | |
| 999 |
_c3161 _d3161 |
||